• 首页
  • 本馆介绍
  • 公告通知
  • 最新文献
  • 馆藏检索
  • 电子资源
  • 读者导购
  • 参考咨询
  • 我的图书馆
  • 登录
  • 详细信息显示
  • 放入我的书架
  • 预约/预借图书
  • 作者相关作品
  • 分类相关作品
  • 丛书相关作品
  • 出版社相关作品

书目信息

  • 表格格式
  • 工作单格式
  • 卡片格式
题名:
美丽世界行
    
 
作者: 畲田 主编
分册:   繁华之地
出版信息: 长春   北方妇女儿童出版社  2013
页数: 167页
开本: 24cm
丛书名:
单 册:
中图分类: P941-49 , K915-49 , P941
科图分类:
主题词: 自然地理--世界--青少年读物 , 城市--世界--青少年读物 , 自然地理 , 城市
电子资源:
ISBN: 978-7-5385-7475-3
000 00855nam0 2200289 450
001 2354366353
005 20231109105912.74
010    @a978-7-5385-7475-3@dCNY31.50
090    @aP941@bst
100    @a20140429d2013 demy0chiy50 ea
101 0  @achi
102    @aCN@b220000
105    @aa z 000yy
200 1  @a美丽世界行@Amei li shi jie xing@i繁华之地@f畲田主编
210    @a长春@c北方妇女儿童出版社@d2013
215    @a167页@c彩照@d24cm
330    @a本书主要介绍了世界著名的城市,详细的文字,配以精美的图片,让你在书中领略世界各大城市的美丽与多彩。
606 0  @a自然地理@y世界@j青少年读物
606 0  @a城市@y世界@j青少年读物
606 0  @a自然地理
606 0  @a城市
690    @aP941-49@v5
690    @aK915-49@v5
690    @aP941@v4
701  0 @a畲田@Ashe tian@4主编
801  0 @aCN@b山东中教@c20230926
905    @aBZT@dP941@e8:6
    
    美丽世界行.繁华之地/畲田主编.-长春:北方妇女儿童出版社,2013
    167页:彩照;24cm
    
    
    ISBN 978-7-5385-7475-3:CNY31.50
    本书主要介绍了世界著名的城市,详细的文字,配以精美的图片,让你在书中领略世界各大城市的美丽与多彩。
●
相关链接 在五车中查询图书 在当当中查询图书 在豆瓣中查询图书


正题名:美丽世界行     索取号:P941/8:6         预约/预借

序号 登录号 条形码 馆藏地/架位号 状态 备注
1 2000975650   2000975650   第四书库/四29架B面5层6列/ [索取号:P941/8:6] 在馆    
2 2000975651   2000975651   第四书库/四29架B面5层6列/ [索取号:P941/8:6] 在馆    
3 2000975652   2000975652   第四书库/四29架B面5层6列/ [索取号:P941/8:6] 在馆    
山东省滨州职业学院图书馆 欢迎您!
大连网信软件有限公司© 版权所有